000 00606nam a2200181Ia 4500
005 20250508155647.0
008 008 250505s9999 xx 000 0 eng d
037 _aBooks to be hide in OPAC
040 _aFEDL
_beng
_cFEDL
041 _aeng
_2eng
084 _a370.954, NCE/O
_qFEDL
245 0 _aColleges and institutes of physical education : A survey 1967
245 0 _cSecond All Indian Educational Survey
260 _aNew Delhi, India
_bNational Council of Educational Research and Training
_c1967
300 _a146p
942 _cHB
_h370.954, NCE/O
999 _c1358608
_d1358608